[Event "GRE-chT Online Rapid op 1st"]
[Site "Tornelo INT"]
[Date "2021.02.21"]
[Round "6.23"]
[White "Bantavanis, Georgios"]
[Black "Karanikas, Harilaos"]
[Result "0-1"]
[WhiteElo "1477"]
[BlackElo "1715"]
[PlyCount "104"]
[EventDate "2021.02.20"]
[EventType "team-swiss (rapid)"]
[EventRounds "9"]
[EventCountry "GRE"]
[SourceTitle "EXT 2023"]
[Source "ChessBase"]
[SourceDate "2022.10.05"]
[SourceVersion "1"]
[SourceVersionDate "2022.10.05"]
[SourceQuality "1"]

1. e4 c5 2. Nc3 a6 3. g3 b5 4. Bg2 Bb7 5. d3 e6 6. Be3 Nc6 7. f4 h5 8. h3 d6 9. Nf3 Be7 10. 0-0 Qc7 11. Ne2 Nf6 12. c3 d5 13. e5 Nd7 14. d4 g6 15. Kh2 a5 16. Qc2 Ba6 17. Rfd1 Rc8 18. Rac1 Qb7 19. Qd2 c4 20. a3 Nb6 21. Ng5 b4 22. axb4 axb4 23. Ra1 Bb5 24. Ng1 Ra8 25. N1f3 b3 26. Qe1 Na4 27. Qd2 Ra6 28. Kg1 Bd8 29. Kf2 Qe7 30. Rh1 Kd7 31. Qe2 Bc7 32. Rhd1 Rha8 33. Rdb1 Nd8 34. Nh4 Kc8 35. Nh7 Nc6 36. Nf6 Bd8 37. Nf3 Qc7 38. Ng5 Nb8 39. g4 hxg4 40. hxg4 Nd7 41. Nxf7 Nxf6 42. Nd6+ Rxd6 43. exd6 Qxd6 44. Rh1 Bd7 45. Rh8 Ra5 46. Rah1 Nxb2 47. R1h6 Nd3+ 48. Kg3 g5 49. Rxf6 gxf4+ 50. Bxf4 Nxf4 51. Rxf4 Ra2 52. Qf3 b2 0-1

[Event "GRE-chT Online Rapid op 1st"]
[Site "Tornelo INT"]
[Date "2021.02.20"]
[Round "3.36"]
[White "Bantavanis, Georgios"]
[Black "Agiakatsikas, Konstantinos"]
[Result "1/2-1/2"]
[WhiteElo "1477"]
[BlackElo "1035"]
[PlyCount "92"]
[EventDate "2021.02.20"]
[EventType "team-swiss (rapid)"]
[EventRounds "9"]
[EventCountry "GRE"]
[SourceTitle "EXT 2023"]
[Source "ChessBase"]
[SourceDate "2022.10.05"]
[SourceVersion "1"]
[SourceVersionDate "2022.10.05"]
[SourceQuality "1"]

1. e4 e5 2. Nf3 Nf6 3. Nxe5 d6 4. Nf3 Nxe4 5. Nc3 Nxc3 6. dxc3 Be7 7. Be3 Nd7 8. Qd2 Nf6 9. 0-0-0 0-0 10. Bd3 Be6 11. h4 c5 12. Kb1 Qa5 13. c4 Qxd2 14. Rxd2 d5 15. cxd5 Bxd5 16. Be2 Rad8 17. Rhd1 Rd7 18. Bg5 Rfd8 19. Bxf6 Bxf6 20. Kc1 Bc6 21. Rxd7 Rxd7 22. Rxd7 Bxd7 23. c3 b5 24. g3 Bg4 25. Ng1 Bd7 26. Bf3 Be6 27. a3 Be7 28. Ne2 a5 29. Nf4 Bb3 30. Kd2 g5 31. hxg5 Bxg5 32. Ke3 f5 33. Bc6 Bc4 34. Kf3 Kf7 35. a4 b4 36. cxb4 cxb4 37. Bd5+ Bxd5+ 38. Nxd5 Ke6 39. Nb6 Bd8 40. Nc4 Bc7 41. b3 Kd5 42. Ke3 h6 43. Kd3 h5 44. Ne3+ Ke5 45. Nc4+ Kd5 46. Ne3+ Ke5 1/2-1/2

[Event "Plomari op 1st"]
[Site "Plomari"]
[Date "2019.07.19"]
[Round "2"]
[White "Bantavanis, Georgios"]
[Black "Gamback, Bjorn"]
[Result "0-1"]
[WhiteElo "1480"]
[BlackElo "2156"]
[PlyCount "108"]
[EventDate "2019.07.18"]
[EventType "swiss"]
[EventRounds "9"]
[EventCountry "GRE"]
[SourceTitle "EXT 2020"]
[Source "ChessBase"]
[SourceDate "2019.10.17"]
[SourceVersion "1"]
[SourceVersionDate "2019.10.17"]
[SourceQuality "1"]

1. e4 c5 2. Nc3 Nc6 3. g3 g6 4. Bg2 Bg7 5. d3 e6 6. Be3 d6 7. Qd2 Nd4 8. Nge2 Ne7 9. 0-0 0-0 10. Nd1 Nxe2+ 11. Qxe2 Nc6 12. c3 Rb8 13. Qd2 b5 14. Bh6 b4 15. Bxg7 Kxg7 16. Ne3 e5 17. f4 f6 18. f5 g5 19. Qe2 Ne7 20. Qh5 Qe8 21. Qe2 Ba6 22. c4 Nc6 23. Nd5 Nd4 24. Qd1 Bb7 25. Ne3 Rf7 26. Bf3 Qd8 27. Kf2 b3 28. a3 Bc6 29. Rh1 Nc2 30. Nxc2 bxc2 31. Qxc2 Rfb7 32. Rab1 Rb3 33. Rhe1 Qb6 34. Re2 Ba4 35. Qd2 Be8 36. Qc2 Rxa3 37. bxa3 Qxb1 38. Qxb1 Rxb1 39. Ra2 Ba4 40. Be2 Bb3 41. Rd2 a5 42. Bh5 Kf8 43. Be2 Ra1 44. Bh5 Rxa3 45. Bd1 a4 46. Bxb3 axb3 47. Kf3 Ra2 48. Rd1 Rxh2 49. Ra1 h5 50. Ra8+ Ke7 51. Rb8 g4+ 52. Ke3 b2 53. d4 cxd4+ 54. Kd3 Rg2 0-1